| 000 | 00593nam a22002177a 4500 | ||
|---|---|---|---|
| 003 | IIN | ||
| 005 | 20250506102626.0 | ||
| 008 | 250506s2013 |||ad||| |||| 001 0 eng d | ||
| 020 |
_a9780702046445 _c£ 6.25 |
||
| 040 | _aIIN | ||
| 082 |
_a616.1207547 _bHAM |
||
| 100 | _aHampton, John R. | ||
| 245 |
_aThe ECG In Practice/ _cJohn R. Hampton; contributed by David Adlam |
||
| 250 | _a6th ed. | ||
| 260 |
_aEdinburgh _bElsevier _c2013 |
||
| 300 |
_axii, 364 p. _bill. |
||
| 500 | _aIncludes Index | ||
| 650 |
_aECG _vMedical-Surgical _xNursing |
||
| 700 | _aAdlam, David (con.) | ||
| 942 | _cBOOK | ||
| 999 |
_c1795 _d1795 |
||